000
00346nam a2200133Ia 4500
008
151001s9999||||xx |||||||||||||| ||und||
100
_a
विभा रानी
245
_a
बंद कमरे का कोरस
250
_a
1
260
_b
राधाकृष्ण
260
_c
1995
300
_a
136
365
_b
18
999
_c
977814
_d
977811